000 00459nam a2200169Ia 4500
003 GCL
008 140319s9999 xx 000 0 eng d
040 _aGCL /
_cGCL
082 0 4 _a294.3
_bP B
100 1 _aPAYUTTO, P.A.
245 1 0 _aBUDDHIST ECONOMICS /
_cPAYUTTO, P.A.
260 _aتايلانــد :
_bBUDDHADHAMMA FOUNDATION ،
_c1997
300 _a18 CM ؛
_c99 P
650 0 4 _aBUDDHISM
650 0 4 _aBUDDHISM - ECONOMIC ASPECTS
942 _2ddc
_cBK
999 _c1881
_d1881